| 000 | 01022nam a22002895a 4500 | ||
|---|---|---|---|
| 003 | OSt | ||
| 005 | 20160406132028.0 | ||
| 008 | 160406s2002 ua fr f000 0 ara d | ||
| 015 | _a2002 / 8269 | ||
| 020 | _a9773200833 | ||
| 040 |
_aEG-ScBUE _beng _cEG-ScBUE |
||
| 041 | 1 |
_aara _hund |
|
| 082 | 0 | 4 |
_a321.8 _bب ط ر _222 |
| 100 | 1 |
_aبطرس غالي، بطرس، _d2016-1922. _939796 |
|
| 245 | 1 | 4 |
_aالديمقراطية هى الحل لمخاطر العولمة / _cبطرس بطرس غالي ؛ ترجمة أمينة الأعصر. |
| 250 | _aط. 1. | ||
| 260 |
_aالقاهرة : _bمركز الأهرام للترجمة والنشر، _c2002. |
||
| 300 |
_a143 ص. ؛ _c20 سم. |
||
| 541 | _aDonation from Mr. Fareed Khamis. | ||
| 546 | _aالنص باللغة العربية. | ||
| 650 | 7 |
_aالديمقراطية. _2BUEsh _98058 |
|
| 650 | 7 |
_aالعولمة. _2BUEsh _98057 |
|
| 651 | _2BUEsh | ||
| 653 |
_bBUSBOL _cApril2016 |
||
| 700 | 1 |
_aالأعصر، أمينة، _eمترجم. _939797 |
|
| 942 | _2ddc | ||
| 999 |
_c21598 _d21570 |
||